Spin dynamics: basics of nuclear magnetic resonance by Malcolm H Levitt (Record no. 1211735)
[ view plain ]
| 000 -LEADER | |
|---|---|
| fixed length control field | 01055nam a2200289Ia 4500 |
| 003 - CONTROL NUMBER IDENTIFIER | |
| control field | OSt |
| 005 - DATE AND TIME OF LATEST TRANSACTION | |
| control field | 20221007123343.0 |
| 008 - FIXED-LENGTH DATA ELEMENTS--GENERAL INFORMATION | |
| fixed length control field | 221006b |||||||| |||| 00| 0 eng d |
| 020 ## - INTERNATIONAL STANDARD BOOK NUMBER | |
| International Standard Book Number | 0471489220 (pbk) |
| -- | 55.95 |
| 037 ## - SOURCE OF ACQUISITION | |
| Terms of availability | Textual |
| 040 ## - CATALOGING SOURCE | |
| Original cataloging agency | PAPL |
| Transcribing agency | PAPL |
| Language of cataloging | eng |
| 041 ## - LANGUAGE CODE | |
| Source of code | eng |
| Language code of text/sound track or separate title | eng |
| 100 ## - MAIN ENTRY--PERSONAL NAME | |
| Personal name | Levitt Malcolm H |
| 9 (RLIN) | 717122 |
| 245 #0 - TITLE STATEMENT | |
| Title | Spin dynamics: basics of nuclear magnetic resonance by Malcolm H Levitt |
| 260 ## - PUBLICATION, DISTRIBUTION, ETC. | |
| Place of publication, distribution, etc. | Chichester |
| Name of publisher, distributor, etc. | John Wiley Sons, Ltd. |
| Date of publication, distribution, etc. | 2001 |
| 300 ## - PHYSICAL DESCRIPTION | |
| Extent | xxiv,686p |
| Dimensions | cm. |
| 500 ## - GENERAL NOTE | |
| General note | Appendices 571-638p; Index 669-686p; 6n23/CSL/CARPA/2001-2002/560^d2001-11-22^mPurchase; ; 2001-2002/413^b2002-01-07^c451^d2001-11-22^eRs.2,454.00^fClassic Book Service; ; 2002-03-25^bSB^c2002-05-30^dRPS |
| 650 ## - SUBJECT ADDED ENTRY--TOPICAL TERM | |
| Topical term or geographic name entry element | Atomic molecular |
| 650 ## - SUBJECT ADDED ENTRY--TOPICAL TERM | |
| Topical term or geographic name entry element | Nuclear Magnetic Resonance |
| 9 (RLIN) | 717123 |
| 650 ## - SUBJECT ADDED ENTRY--TOPICAL TERM | |
| Topical term or geographic name entry element | Physics |
| 942 ## - ADDED ENTRY ELEMENTS (KOHA) | |
| Classification part | C9B3,7:35, P1 |
| Koha item type | Textual |
| Source of classification or shelving scheme | Colon Classification (CC) |
| Withdrawn status | Lost status | Source of classification or shelving scheme | Damaged status | Not for loan | Home library | Current library | Date acquired | Source of acquisition | Total Checkouts | Full call number | Barcode | Date last seen | Price effective from | Koha item type |
|---|---|---|---|---|---|---|---|---|---|---|---|---|---|---|
| Colon Classification (CC) | Department of Physics and Astrophysics Library | Department of Physics and Astrophysics Library | 2022-10-07 | Classic, | C9B3,7:35 P1 | PA0005300 | 2022-10-07 | 2022-10-07 | Textual |
